• 首页
  • 本馆介绍
  • 公告通知
  • 最新文献
  • 馆藏检索
  • 电子资源
  • 读者导购
  • 参考咨询
  • 我的图书馆
  • 登录
  • 详细信息显示
  • 放入我的书架
  • 预约/预借图书
  • 作者相关作品
  • 分类相关作品
  • 丛书相关作品
  • 出版社相关作品

书目信息

  • 表格格式
  • 工作单格式
  • 卡片格式
题名:
直觉心理学
    
 
作者: 杨晓霜 著
分册:  
出版信息: 北京   中国纺织出版社  2017
页数: 230页
开本: 24cm
丛书名:
单 册:
中图分类: B842.2
科图分类:
主题词: 直觉--心理学
电子资源:
ISBN: 978-7-5180-4252-4
000 00993nam0 2200241 450
001 012001000114
005 20140920091301.0
010    @a978-7-5180-4252-4@dCNY36.80
100    @a20180217d2017 em y0chiy50 ea
101 0  @achi
102    @aCN@b110000
105    @aa z 000yy
106    @ar
200 1  @a直觉心理学@9Zhi Jue Xin Li Xue@e遇见潜意识的自己@f杨晓霜著
210    @a北京@c中国纺织出版社@d2017
215    @a230页@c图@d24cm
330    @a直觉是神经末梢未经推理直接洞察事物的本质,潜意识是指人类心理活动中不能认知或没有认知到的部分,了解人的直觉与潜意识,能帮助我们开启隐藏的潜能,重塑内在的自我。本书从理论与实际结合的角度,并从生活的方方面面入手,用简单便捷的方式,对直觉与潜意识进行了深层次的挖掘与分析,旨在帮助读者揭开“心想事成”法则的秘密。
517 1  @a遇见潜意识的自己@9Yu Jian Qian Yi Shi De Zi Ji
606 0  @a直觉@x心理学
690    @aB842.2@v5
701  0 @a杨晓霜@9Yang Xiao Shuang@4著
801  0 @aCN@b上海新华@c20180901
905    @b1040559-63@dB842.2@e2553@f5
    
    直觉心理学:遇见潜意识的自己/杨晓霜著.-北京:中国纺织出版社,2017
    230页:图;24cm
    
    
    ISBN 978-7-5180-4252-4:CNY36.80
    直觉是神经末梢未经推理直接洞察事物的本质,潜意识是指人类心理活动中不能认知或没有认知到的部分,了解人的直觉与潜意识,能帮助我们开启隐藏的潜能,重塑内在的自我。本书从理论与实际结合的角度,并从生活的方方面面入手,用简单便捷的方式,对直觉与潜意识进行了深层次的挖掘与分析,旨在帮助读者揭开“心想事成”法则的秘密。
●
相关链接 在E读中查询图书 在五车中查询图书 在当当中查询图书 在豆瓣中查询图书


正题名:直觉心理学     索取号:B842.2/2553         预约/预借

序号 登录号 条形码 馆藏地/架位号 状态 备注
1 1040559   210405596   第一样本阅览室/ [索取号:B842.2/2553] 在馆    
2 1040560   210405603   第一借阅区/ [索取号:B842.2/2553] 在馆    
3 1040561   210405612   第一借阅区/ [索取号:B842.2/2553] 在馆    
4 1040562   210405621   第一借阅区/ [索取号:B842.2/2553] 在馆    
5 1040563   210405630   第一借阅区/ [索取号:B842.2/2553] 在馆    
唐山师范学院图书馆 欢迎您!
大连网信软件有限公司© 版权所有